000 nam a22 7a 4500
999 _c7166
_d7166
008 170725b xxu||||| |||| 00| 0 eng d
020 _a9789382609629
100 _93742
_aKhanna
245 _aMastering Photoshop
260 _aNew Delhi
_bKhanna Publication